Energia lásky našla ku mne cestu /
Počet ľudí s rakovinou rastie. Rastie aj počet iných ochorení, ako aj psychických problémov. Môžeme sa poďakovať všetkým znečisťovateľom. Chemickí vojaci sú ukrytí vo vode, ktorú pijeme, v potravinách, ktoré konzumujeme, vo vzduchu, ktorý dýchame, chemickí vojaci sú všade. Pomaly a smutne...
Uloženo v:
| Série: | Energia lásky našla ku mne cestu,
část 2 |
|---|---|
| Hlavní autor: | |
| Médium: | E-kniha |
| Jazyk: | Czech |
| Vydáno: |
Praha :
E-knihy jedou,
2019
|
| Příbuzné jednotky: | Z cyklu::
Energia lásky našla ku mne cestu |
| Tagy: |
Žádné tagy |
| LEADER | 01719nam a22002417i 4500 | ||
|---|---|---|---|
| 001 | 311013 | ||
| 007 | ta | ||
| 008 | 260601s2019 xr ||||| |||| 00| 0 cze d | ||
| 020 | |a 9990001839123 | ||
| 044 | |a xr | ||
| 100 | 1 | |a Szunyogová, Natália |4 aut | |
| 245 | 1 | 0 | |a Energia lásky našla ku mne cestu / |c Szunyogová, Natália |
| 264 | 1 | |a Praha : |b E-knihy jedou, |c 2019 | |
| 300 | |a 1 online zdroj (78 stran) | ||
| 336 | |a text |b txt |2 rdacontent | ||
| 337 | |a bez média |b n |2 rdamedia | ||
| 338 | |a online zdroj |b cr |2 rdacarrier | ||
| 520 | 2 | |a Počet ľudí s rakovinou rastie. Rastie aj počet iných ochorení, ako aj psychických problémov. Môžeme sa poďakovať všetkým znečisťovateľom. Chemickí vojaci sú ukrytí vo vode, ktorú pijeme, v potravinách, ktoré konzumujeme, vo vzduchu, ktorý dýchame, chemickí vojaci sú všade. Pomaly a smutne kráčame v objatí trojuholníka smrti, lebo tušíme, že niečo nie je v poriadku. Mlčky sa na to prizeráme. Je to také verejné tajomstvo. Rada by som tomu nejakým spôsobom zabránila a práve preto vznikla táto kniha. Je to príbeh, ktorý sa odohral v trojuholníku smrti. Prajem vám príjemné čítanie. | |
| 787 | 0 | 8 | |g 2 |i Z cyklu: |t Energia lásky našla ku mne cestu |
| 910 | |a RBIT002 | ||
| 998 | |d 183912 |a https://core.palmknihy.cz/api/books/183912/cover?pnlhj4 |b https://core.palmknihy.cz/api/books/183912/cover/400?pnlhj4 |c https://core.palmknihy.cz/api/books/183912/cover/50?pnlhj4 |e |g 78 |i 9990001839123 |j https://core.palmknihy.cz/api/books/183912/preview.epub |k https://core.palmknihy.cz/api/books/183912/preview.pdf |l |q 49 |r 1 |s https://www.palmknihy.cz/kniha/183912 |t ebook |y 2019 |z 1 |v Energia lásky našla ku mne cestu |w 2 | ||
| 999 | |d 311011 | ||